[Event "FBL 1"]
[Site "Deutschland"]
[Date "2012.12.16"]
[Round "5.5"]
[White "Vogel, Heike"]
[Black "Kraus, Tanja"]
[Result "1-0"]
[WhiteElo "2153"]
[BlackElo "1916"]
[PlyCount "29"]
[EventDate "2012.10.06"]
[WhiteTeam "Schachverein Muelheim Nord 1931"]
[BlackTeam "Schachverein Wattenscheid 1930"]
[WhiteTeamCountry "GER"]
[BlackTeamCountry "GER"]

1. d4 c5 2. Nf3 cxd4 3. c3 d3 4. e4 b6 5. Bxd3 Bb7 6. O-O e6 7. e5 Be7 8. Nbd2
f6 9. Ne4 Bxe4 10. Bxe4 Nc6 11. Nd4 Qc8 12. Nxc6 dxc6 13. Qf3 Kf7 14. Bxc6 Rb8
15. exf6 1-0

[Event "FBL 1"]
[Site "Deutschland"]
[Date "2012.12.16"]
[Round "5.6"]
[White "Buechle, Regina"]
[Black "Butschek, Tanja"]
[Result "1/2-1/2"]
[WhiteElo "1977"]
[BlackElo "2006"]
[PlyCount "55"]
[EventDate "2012.10.06"]
[WhiteTeam "Schachverein Wattenscheid 1930"]
[BlackTeam "Schachverein Muelheim Nord 1931"]
[WhiteTeamCountry "GER"]
[BlackTeamCountry "GER"]

1. d4 f5 2. c4 g6 3. g3 Bg7 4. Bg2 d6 5. Nf3 Nf6 6. Nc3 O-O 7. O-O Qe8 8. Bg5
Qf7 9. Bxf6 Bxf6 10. Nd5 e6 11. Nxf6+ Qxf6 12. e3 Nd7 13. b4 Kh8 14. Rc1 g5 15.
c5 Rb8 16. cxd6 cxd6 17. Qb3 h5 18. h4 gxh4 19. Nxh4 Rg8 20. Kh2 Nf8 21. d5 Ng6
22. Nxg6+ Qxg6 23. dxe6 Bxe6 24. Qc3+ Rg7 25. Qd4 Rbg8 26. Rc7 Kh7 27. Rxg7+
Rxg7 28. a4 1/2-1/2

[Event "FBL 1"]
[Site "Deutschland"]
[Date "2013.01.19"]
[Round "6.1"]
[White "Kononenko, Tatiana"]
[Black "Socko, Monika"]
[Result "1/2-1/2"]
[WhiteElo "2374"]
[BlackElo "2463"]
[PlyCount "58"]
[EventDate "2012.10.06"]
[WhiteTeam "USV Volksbank Halle"]
[BlackTeam "Hamburger SK von 1830"]
[WhiteTeamCountry "GER"]
[BlackTeamCountry "GER"]

1. d4 Nf6 2. c4 c5 3. d5 b5 4. cxb5 a6 5. bxa6 Bxa6 6. Nc3 g6 7. e4 Bxf1 8.
Kxf1 d6 9. g3 Bg7 10. Kg2 O-O 11. Nf3 Nbd7 12. a4 Ra6 13. Qc2 Qa8 14. Re1 Rb8
15. Ra3 Ne8 16. Bd2 Nc7 17. Nd1 Qa7 18. Bc3 Bxc3 19. bxc3 c4 20. Ne3 Qc5 21.
Raa1 Rab6 22. Reb1 Ra8 23. Rb4 Rxb4 24. cxb4 Qxb4 25. Qxc4 Qxc4 26. Nxc4 Nc5
27. Nfd2 Rxa4 28. Rxa4 Nxa4 29. f3 Nc5 1/2-1/2

[Event "FBL 1"]
[Site "Deutschland"]
[Date "2013.01.19"]
[Round "6.2"]
[White "Michna, Marta"]
[Black "Matnadze, Ana"]
[Result "1-0"]
[WhiteElo "2380"]
[BlackElo "2418"]
[PlyCount "81"]
[EventDate "2012.10.06"]
[WhiteTeam "Hamburger SK von 1830"]
[BlackTeam "USV Volksbank Halle"]
[WhiteTeamCountry "GER"]
[BlackTeamCountry "GER"]

1. d4 Nf6 2. Bg5 b6 3. Nd2 Bb7 4. c3 d5 5. Bxf6 exf6 6. e3 Bd6 7. g3 O-O 8. Bg2
a5 9. Ne2 c6 10. O-O Ba6 11. Rc1 b5 12. e4 dxe4 13. Nxe4 Be7 14. Nc5 Qb6 15.
Nxa6 Nxa6 16. Nf4 Ra7 17. Qf3 Nb8 18. Rfe1 Qd8 19. Rcd1 Bd6 20. Nh5 f5 21. Re2
g6 22. Nf4 a4 23. a3 Rc7 24. Nd3 c5 25. dxc5 Bxc5 26. Re5 Ba7 27. Rxb5 Rd7 28.
Rd5 Qb6 29. Rxd7 Nxd7 30. Qc6 Qb3 31. Rd2 Nb8 32. Qd5 Qb6 33. Ne5 Qf6 34. Qd6
Qg5 35. Nf3 Qh6 36. Qc7 g5 37. Rd6 Na6 38. Qc6 f6 39. Qxa6 Rf7 40. Qc8+ Kg7 41.
Rd7 1-0

[Event "FBL 1"]
[Site "Deutschland"]
[Date "2013.01.19"]
[Round "6.3"]
[White "Madl, Ildiko"]
[Black "Schneider, Veronika"]
[Result "1-0"]
[WhiteElo "2329"]
[BlackElo "2313"]
[PlyCount "61"]
[EventDate "2012.10.06"]
[WhiteTeam "USV Volksbank Halle"]
[BlackTeam "Hamburger SK von 1830"]
[WhiteTeamCountry "GER"]
[BlackTeamCountry "GER"]

1. e4 c5 2. Nf3 e6 3. b3 a6 4. Bb2 Nc6 5. c4 d6 6. d4 cxd4 7. Nxd4 Bd7 8. Nc2
Nf6 9. Nc3 Be7 10. Be2 O-O 11. O-O Rc8 12. Kh1 Qc7 13. f4 Rfd8 14. Qe1 Qb8 15.
Rd1 Ne8 16. Ne3 Bf6 17. Ng4 Bd4 18. Qh4 b5 19. Rf3 b4 20. Na4 Bxb2 21. Nxb2 f5
22. exf5 exf5 23. Nh6+ Kf8 24. Qg5 g6 25. c5 dxc5 26. Bc4 Be6 27. Re1 Bd5 28.
Rfe3 Be4 29. Nxf5 gxf5 30. Rxe4 fxe4 31. Rxe4 1-0

[Event "FBL 1"]
[Site "Deutschland"]
[Date "2013.01.19"]
[Round "6.5"]
[White "Lakos, Nikoletta"]
[Black "Ghader Pour Taleghani, Shayesteh"]
[Result "1/2-1/2"]
[WhiteElo "2290"]
[BlackElo "2218"]
[PlyCount "76"]
[EventDate "2012.10.06"]
[WhiteTeam "USV Volksbank Halle"]
[BlackTeam "Hamburger SK von 1830"]
[WhiteTeamCountry "GER"]
[BlackTeamCountry "GER"]

1. e4 e5 2. Nf3 Nc6 3. Bc4 Bc5 4. c3 Nf6 5. d3 a6 6. Nbd2 Ba7 7. Bb3 h6 8. Nf1
d5 9. Qe2 O-O 10. Ng3 Re8 11. h3 Na5 12. Bc2 Bd7 13. b3 b5 14. Bd2 c5 15. Nh4
Nxe4 16. dxe4 Qxh4 17. exd5 c4 18. Qe4 Qxe4+ 19. Nxe4 f5 20. Ng3 g6 21. Bxh6
cxb3 22. axb3 Nb7 23. O-O Nd6 24. Be3 Bxe3 25. fxe3 Rec8 26. Ne2 a5 27. Ra2 a4
28. Rfa1 Rc5 29. bxa4 bxa4 30. Bxa4 Bxa4 31. Rxa4 Rxa4 32. Rxa4 Rxd5 33. g4 Rd3
34. Ra6 Kf7 35. gxf5 gxf5 36. Nd4 exd4 37. Rxd6 Rxe3 38. cxd4 Rxh3 1/2-1/2

[Event "FBL 1"]
[Site "Deutschland"]
[Date "2013.01.19"]
[Round "6.6"]
[White "Bluebaum, Bettina"]
[Black "Glaser, Andrea"]
[Result "1-0"]
[WhiteElo "1984"]
[BlackElo "1979"]
[PlyCount "147"]
[EventDate "2012.10.06"]
[WhiteTeam "Hamburger SK von 1830"]
[BlackTeam "USV Volksbank Halle"]
[WhiteTeamCountry "GER"]
[BlackTeamCountry "GER"]

1. d4 Nf6 2. c4 e6 3. Nc3 d5 4. cxd5 exd5 5. Bg5 Be7 6. e3 c6 7. Bd3 Nbd7 8.
Nge2 Nf8 9. Qc2 h6 10. Bh4 Bg4 11. f3 Bh5 12. Bf2 Bg6 13. Ng3 Bxd3 14. Qxd3 g6
15. O-O Ne6 16. Rac1 O-O 17. Qd2 Kh7 18. Nge2 Qd7 19. Rcd1 Rad8 20. Nc1 Qe8 21.
Nd3 Nd7 22. Qc2 Bf6 23. Rfe1 Qe7 24. a3 Rfe8 25. Kh1 Bg7 26. Bg3 Rc8 27. Qf2
Bf6 28. Nf4 Nxf4 29. Bxf4 Bg7 30. Bg3 f5 31. Qd2 Nb6 32. Bf2 Nc4 33. Qc1 Rf8
34. Na4 Rce8 35. Nc5 Rf7 36. b3 Nd6 37. a4 Bf6 38. Nd3 Rff8 39. Bg3 Bg7 40. Qc5
Nc8 41. Qc2 h5 42. Be5 Bh6 43. Rb1 Nb6 44. Nc5 Rf7 45. a5 Nc8 46. Nd3 a6 47.
Nc5 Nd6 48. Re2 Nb5 49. Rbe1 Qd8 50. b4 Na3 51. Qd3 Nc4 52. f4 Bf8 53. Ra2 Bxc5
54. bxc5 Nxa5 55. Rc1 Nc4 56. Rb1 Qh4 57. g3 Qe7 58. Kg2 h4 59. Kf3 g5 60. gxh4
g4+ 61. Kg3 Kg6 62. h5+ Kxh5 63. Kg2 Qh4 64. Rf1 Qh3+ 65. Kh1 Nxe3 66. Rff2 Kg6
67. Rae2 Nc4 68. Qb1 Rh7 69. Rg2 a5 70. Kg1 Qf3 71. Rgf2 Qh3 72. Rg2 Qh6 73.
Rxg4+ Kf7 74. Qxf5+ 1-0

[Event "FBL 1"]
[Site "Deutschland"]
[Date "2013.01.19"]
[Round "6.1"]
[White "Wirths, Clara"]
[Black "Schmidt, Jessica"]
[Result "0-1"]
[WhiteElo "2022"]
[BlackElo "2273"]
[PlyCount "106"]
[EventDate "2012.10.06"]
[WhiteTeam "Schachverein Wattenscheid 1930"]
[BlackTeam "Karlsruher SF 1853"]
[WhiteTeamCountry "GER"]
[BlackTeamCountry "GER"]

1. e4 e5 2. Nf3 d6 3. d4 Nd7 4. Bc4 c6 5. Nc3 Be7 6. O-O Ngf6 7. Bb3 O-O 8. a4
exd4 9. Qxd4 Nc5 10. Bf4 Nh5 11. Be3 Bg4 12. Nd2 Be6 13. Bxe6 Nxe6 14. Qc4 Nhf4
15. Qb3 Bf6 16. g3 Ng6 17. Ne2 d5 18. f4 Nc7 19. e5 Be7 20. Nf3 Re8 21. c3 Bf8
22. Rad1 Qc8 23. c4 Ne7 24. c5 Nf5 25. Bd4 Nxd4 26. Nfxd4 Bxc5 27. Qc3 Bf8 28.
b4 a5 29. bxa5 c5 30. Nb5 Nxb5 31. axb5 Rd8 32. Ra1 Qf5 33. Nc1 h5 34. Nb3 h4
35. Rfe1 Qg4 36. Kg2 Qd7 37. b6 Qb5 38. gxh4 d4 39. Qf3 c4 40. Nd2 Bb4 41. Red1
Bxd2 42. Rxd2 Rxa5 43. Rc1 Qb4 44. Rdd1 Ra2+ 45. Kh1 d3 46. Rg1 c3 47. e6 d2
48. Qxb7 Rf8 49. exf7+ Rxf7 50. Qc8+ Kh7 51. Rcf1 Qe4+ 52. Rg2 Qxg2+ 53. Kxg2
d1=Q+ 0-1

[Event "FBL 1"]
[Site "Deutschland"]
[Date "2013.01.19"]
[Round "6.2"]
[White "Mader, Manuela"]
[Black "Henrichs, Wenke"]
[Result "1/2-1/2"]
[WhiteElo "2222"]
[BlackElo "2067"]
[PlyCount "89"]
[EventDate "2012.10.06"]
[WhiteTeam "Karlsruher SF 1853"]
[BlackTeam "Schachverein Wattenscheid 1930"]
[WhiteTeamCountry "GER"]
[BlackTeamCountry "GER"]

1. e4 e6 2. d4 d5 3. Nd2 Nf6 4. e5 Nfd7 5. Bd3 c5 6. c3 Nc6 7. Ne2 Qb6 8. Nf3
cxd4 9. cxd4 Be7 10. O-O Nf8 11. Ne1 Bd7 12. Be3 Ng6 13. f4 Nh4 14. Bf2 g6 15.
Bc2 h5 16. Rb1 Nb4 17. Ba4 Bxa4 18. Qxa4+ Qc6 19. Qb3 Nf5 20. a3 Qa6 21. Ng3
Nxg3 22. Qxg3 Nc6 23. b4 Qa4 24. Qb3 Qxb3 25. Rxb3 a5 26. Nd3 axb4 27. axb4 O-O
28. Rc1 Ra2 29. Nc5 Rb8 30. Rbb1 Kg7 31. b5 Na5 32. Ra1 Rxa1 33. Rxa1 b6 34.
Nd7 Rb7 35. Nxb6 Rxb6 36. Rxa5 Bb4 37. Ra2 Rxb5 38. Rb2 Rb6 39. Kf1 Ba5 40.
Rxb6 Bxb6 41. Ke2 Kf8 42. Kf3 Ke8 43. g4 hxg4+ 44. Kxg4 Kf8 45. h4 1/2-1/2

[Event "FBL 1"]
[Site "Deutschland"]
[Date "2013.01.19"]
[Round "6.3"]
[White "Goihl, Mona"]
[Black "Heinatz, Gundula"]
[Result "1/2-1/2"]
[WhiteElo "2095"]
[BlackElo "2197"]
[PlyCount "120"]
[EventDate "2012.10.06"]
[WhiteTeam "Schachverein Wattenscheid 1930"]
[BlackTeam "Karlsruher SF 1853"]
[WhiteTeamCountry "GER"]
[BlackTeamCountry "GER"]

1. e4 c5 2. Nf3 e6 3. c3 Nf6 4. e5 Nd5 5. d4 cxd4 6. cxd4 Nc6 7. Nc3 d6 8. exd6
Bxd6 9. Bc4 O-O 10. O-O Nce7 11. Ne4 Bf4 12. Bxf4 Nxf4 13. Qd2 Ned5 14. Rfe1 b6
15. Nc3 Bb7 16. Nxd5 Nxd5 17. Ne5 Rc8 18. Be2 Nf6 19. Bf3 Bxf3 20. Nxf3 Qd6 21.
Rad1 Rc7 22. Rc1 Rfc8 23. a3 h6 24. h3 a5 25. Rxc7 Qxc7 26. Qd3 Qc4 27. Re3 Nd5
28. Qxc4 Rxc4 29. Re2 a4 30. Rd2 f6 31. g3 g5 32. Kf1 Kf7 33. Ke2 Ke7 34. Kd3
Rc1 35. Rc2 Rxc2 36. Kxc2 Kd6 37. Kd3 b5 38. Nd2 f5 39. b3 axb3 40. Nxb3 Nb6
41. Nd2 h5 42. Kc3 Nd5+ 43. Kd3 Nf6 44. Ke3 Kd5 45. f3 Ne8 46. Kd3 Nd6 47. Kc3
Nf7 48. g4 hxg4 49. hxg4 Nh6 50. gxf5 exf5 51. Kb4 Kxd4 52. Kxb5 Nf7 53. a4
Nd6+ 54. Kc6 Nc4 55. Nxc4 Kxc4 56. a5 g4 57. fxg4 fxg4 58. a6 g3 59. a7 g2 60.
a8=Q g1=Q 1/2-1/2

[Event "FBL 1"]
[Site "Deutschland"]
[Date "2013.01.19"]
[Round "6.4"]
[White "Kiefhaber, Veronika"]
[Black "Huppertz, Andrea"]
[Result "1-0"]
[WhiteElo "2229"]
[BlackElo "1864"]
[PlyCount "65"]
[EventDate "2012.10.06"]
[WhiteTeam "Karlsruher SF 1853"]
[BlackTeam "Schachverein Wattenscheid 1930"]
[WhiteTeamCountry "GER"]
[BlackTeamCountry "GER"]

1. e4 c5 2. c3 Nf6 3. e5 Nd5 4. Nf3 Nc6 5. Bc4 Nb6 6. Bb3 d5 7. exd6 Qxd6 8. d4
cxd4 9. O-O e5 10. cxd4 Nxd4 11. Nxd4 Qxd4 12. Qf3 f6 13. Nc3 Qg4 14. Qe3 Bd7
15. h3 Qg6 16. a4 Bc6 17. g3 Qf5 18. Kh2 Nd7 19. Nd5 Bxd5 20. Bxd5 Bc5 21. Qe2
Rb8 22. Bd2 h5 23. Rac1 h4 24. g4 Qg6 25. Be6 b6 26. Qb5 Rd8 27. b4 Bd6 28.
Bxd7+ Rxd7 29. Rc8+ Ke7 30. Rxh8 Qe4 31. Rc8 Qf3 32. Rc3 e4+ 33. Kg1 1-0

[Event "FBL 1"]
[Site "Deutschland"]
[Date "2013.01.19"]
[Round "6.5"]
[White "Kraus, Tanja"]
[Black "Lauterbach, Ingrid"]
[Result "0-1"]
[WhiteElo "1916"]
[BlackElo "2143"]
[PlyCount "90"]
[EventDate "2012.10.06"]
[WhiteTeam "Schachverein Wattenscheid 1930"]
[BlackTeam "Karlsruher SF 1853"]
[WhiteTeamCountry "GER"]
[BlackTeamCountry "GER"]

1. e4 c5 2. Nf3 e6 3. c3 Nf6 4. e5 Nd5 5. d4 cxd4 6. cxd4 d6 7. Bg5 Qa5+ 8. Bd2
Qc7 9. Nc3 Nxc3 10. Bxc3 Nc6 11. Bd3 Be7 12. Qe2 dxe5 13. dxe5 Nb4 14. Be4 Bd7
15. O-O Nd5 16. Bd2 Qb6 17. b3 Bb5 18. Bd3 Bxd3 19. Qxd3 Rd8 20. Qc4 O-O 21.
Rac1 Ba3 22. Rcd1 Rc8 23. Qg4 Rfe8 24. Bh6 g6 25. Ng5 Rc3 26. Ne4 Rc6 27. h4
Rec8 28. h5 Be7 29. hxg6 hxg6 30. Bg5 Bf8 31. Qh4 Bg7 32. Bf6 Qc7 33. Ng5 Nxf6
34. exf6 Bxf6 35. Qh7+ Kf8 36. Qh6+ Bg7 37. Qh3 Rc5 38. Nf3 Qf4 39. Qh4 Qxh4
40. Nxh4 Ke7 41. Nf3 Rc2 42. Rd3 Rxa2 43. Rfd1 Rc7 44. Kh2 Rxf2 45. Kg3 Rb2 0-1

[Event "FBL 1"]
[Site "Deutschland"]
[Date "2013.01.19"]
[Round "6.6"]
[White "Brendel, Bergit"]
[Black "Buechle, Regina"]
[Result "1-0"]
[WhiteElo "2094"]
[BlackElo "1977"]
[PlyCount "61"]
[EventDate "2012.10.06"]
[WhiteTeam "Karlsruher SF 1853"]
[BlackTeam "Schachverein Wattenscheid 1930"]
[WhiteTeamCountry "GER"]
[BlackTeamCountry "GER"]

1. e4 c5 2. Nf3 d6 3. d4 cxd4 4. Nxd4 Nf6 5. Nc3 e6 6. g4 Be7 7. g5 Nfd7 8. h4
Nc6 9. Be3 a6 10. f4 O-O 11. Be2 Qc7 12. h5 b5 13. g6 Nxd4 14. gxh7+ Kxh7 15.
Qxd4 Bf6 16. e5 dxe5 17. Qe4+ Kg8 18. Bd3 Rd8 19. Qh7+ Kf8 20. O-O-O exf4 21.
Bd2 Nc5 22. Be4 Bb7 23. Bxb7 Nxb7 24. Ne4 a5 25. h6 Rac8 26. Nxf6 gxf6 27. Bc3
e5 28. Rxd8+ Nxd8 29. Qf5 Qc6 30. Rh2 Ke7 31. h7 1-0

[Event "FBL 1"]
[Site "Deutschland"]
[Date "2013.01.19"]
[Round "6.1"]
[White "Gaponenko, Inna"]
[Black "Cmilyte, Viktorija"]
[Result "0-1"]
[WhiteElo "2404"]
[BlackElo "2520"]
[PlyCount "70"]
[EventDate "2012.10.06"]
[WhiteTeam "Schachverein Muelheim Nord 1931"]
[BlackTeam "OSG Baden Baden"]
[WhiteTeamCountry "GER"]
[BlackTeamCountry "GER"]

1. e4 c5 2. Nf3 d6 3. d4 cxd4 4. Nxd4 Nf6 5. Nc3 Nc6 6. f3 e5 7. Nb3 Be6 8. Nd5
Be7 9. Be3 O-O 10. Qd2 Bxd5 11. exd5 Nb8 12. c4 a5 13. Rd1 Nh5 14. Be2 Nd7 15.
O-O a4 16. Nc1 f5 17. Nd3 f4 18. Bf2 Bh4 19. Qe1 Bxf2+ 20. Qxf2 Qg5 21. Rc1 Ng3
22. Rfe1 Rf6 23. Bd1 Nf5 24. c5 Ne3 25. c6 bxc6 26. dxc6 Nb6 27. c7 Rc8 28. Rc6
d5 29. Rxf6 Qxf6 30. Rxe3 fxe3 31. Qxe3 Rxc7 32. Nxe5 d4 33. Qe2 Re7 34. Ng4
Qh4 35. Ne5 Qf4 0-1

[Event "FBL 1"]
[Site "Deutschland"]
[Date "2013.01.19"]
[Round "6.2"]
[White "Zatonskih, Anna"]
[Black "Melia, Salome"]
[Result "1-0"]
[WhiteElo "2512"]
[BlackElo "2403"]
[PlyCount "77"]
[EventDate "2012.10.06"]
[WhiteTeam "OSG Baden Baden"]
[BlackTeam "Schachverein Muelheim Nord 1931"]
[WhiteTeamCountry "GER"]
[BlackTeamCountry "GER"]

1. d4 Nf6 2. c4 e6 3. Nc3 Bb4 4. Qc2 O-O 5. Nf3 b6 6. e4 d5 7. e5 Ne4 8. Bd3 f5
9. exf6 Nxf6 10. O-O c5 11. a3 cxd4 12. axb4 dxc3 13. bxc3 Qc7 14. cxd5 exd5
15. Bg5 Nbd7 16. Bh4 Bb7 17. Nd4 Rfc8 18. Nb5 Qc6 19. Nxa7 Rxa7 20. Rxa7 d4 21.
Rxb7 Qxb7 22. Qb3+ Kh8 23. cxd4 Qc6 24. h3 Qd6 25. Bf5 Re8 26. Bxd7 Nxd7 27.
Bg3 Qc6 28. d5 Qb5 29. d6 h6 30. Ra1 Nf6 31. Kh2 Qd7 32. Qd3 Nh5 33. Rc1 Rd8
34. Rd1 Qa4 35. Qd4 Rd7 36. Be5 Qc2 37. Rd2 Qg6 38. Qxb6 Qe4 39. Qd4 1-0

[Event "FBL 1"]
[Site "Deutschland"]
[Date "2013.01.19"]
[Round "6.5"]
[White "Kalinina, Olga"]
[Black "Sedina, Elena"]
[Result "1/2-1/2"]
[WhiteElo "2259"]
[BlackElo "2340"]
[PlyCount "151"]
[EventDate "2012.10.06"]
[WhiteTeam "Schachverein Muelheim Nord 1931"]
[BlackTeam "OSG Baden Baden"]
[WhiteTeamCountry "GER"]
[BlackTeamCountry "GER"]

1. e4 e6 2. Nf3 d5 3. Nc3 Nf6 4. e5 Nfd7 5. d4 c5 6. dxc5 Nc6 7. Bf4 Bxc5 8.
Bd3 f6 9. exf6 Nxf6 10. Qe2 Bd7 11. O-O-O Qe7 12. Ne5 O-O 13. Kb1 Be8 14. Bg5
Nxe5 15. Qxe5 Bd6 16. Qe3 h6 17. Bh4 Bc5 18. Qe2 Qf7 19. g4 Nh7 20. f4 Qxf4 21.
Rhf1 Qd6 22. Bxh7+ Kxh7 23. Rxf8 Qxf8 24. Qxe6 Bc6 25. Qe2 d4 26. Qd3+ Kh8 27.
Ne2 Qf3 28. Nxd4 Qxg4 29. Nxc6 bxc6 30. Bg3 Bb6 31. Qd7 Qxd7 32. Rxd7 Rd8 33.
Rxd8+ Bxd8 34. b4 Be7 35. a3 g5 36. Kb2 h5 37. Kb3 g4 38. Ka4 Bd8 39. b5 cxb5+
40. Kxb5 h4 41. Be5+ Kg8 42. c4 Kf7 43. Bb8 Ke6 44. Kc6 Bf6 45. Bxa7 Be5 46.
Bf2 g3 47. hxg3 hxg3 48. Bg1 Bc3 49. Bb6 Be1 50. Bc7 g2 51. Bb6 Ke5 52. a4 Ke4
53. Kb5 Kf3 54. Bg1 Bf2 55. Bh2 Bg3 56. Bg1 Bf2 57. Bh2 Kg4 58. c5 Kh3 59. c6
Kxh2 60. c7 g1=Q 61. c8=Q Qg5+ 62. Kc6 Qc5+ 63. Kd7 Qf5+ 64. Kc7 Qa5+ 65. Kd7
Qd5+ 66. Ke8 Qg8+ 67. Kd7 Qg4+ 68. Kc7 Qc4+ 69. Kd7 Qxa4+ 70. Qc6 Qg4+ 71. Qe6
Qg7+ 72. Qe7 Qg4+ 73. Qe6 Qa4+ 74. Qc6 Qd1+ 75. Qd6+ Qxd6+ 76. Kxd6 1/2-1/2

[Event "FBL 1"]
[Site "Deutschland"]
[Date "2013.01.19"]
[Round "6.6"]
[White "Tammert, Iamze"]
[Black "Voyska, Margarita"]
[Result "1/2-1/2"]
[WhiteElo "2305"]
[BlackElo "2284"]
[PlyCount "103"]
[EventDate "2012.10.06"]
[WhiteTeam "OSG Baden Baden"]
[BlackTeam "Schachverein Muelheim Nord 1931"]
[WhiteTeamCountry "GER"]
[BlackTeamCountry "GER"]

1. c4 e6 2. Nc3 d5 3. d4 Be7 4. Nf3 Nf6 5. Bg5 O-O 6. e3 Nbd7 7. Rc1 a6 8. cxd5
exd5 9. Bd3 h6 10. Bh4 c5 11. dxc5 Nxc5 12. Bb1 Be6 13. O-O Rc8 14. Nd4 Qb6 15.
Nf5 Qd8 16. Nxe7+ Qxe7 17. Nxd5 Bxd5 18. Bxf6 Qe6 19. Bxg7 Kxg7 20. Qd4+ Kg8
21. Rxc5 Rxc5 22. Qxc5 Bxg2 23. Bf5 Qd5 24. Qxd5 Bxd5 25. b3 Kg7 26. Rd1 Bf3
27. Rd4 Re8 28. Rf4 Bc6 29. Kf1 Re5 30. Ke2 Ra5 31. Bb1 Rg5 32. Bf5 Kf8 33. Kd3
Ke7 34. Kd4 Rg2 35. h4 Rg1 36. Kc5 Ra1 37. a4 Ra3 38. Kb4 Ra2 39. Be4 Bxe4 40.
Rxe4+ Kf6 41. Rf4+ Kg6 42. Ka5 Rb2 43. Rb4 b5 44. axb5 axb5 45. f3 Re2 46. Kxb5
Rxe3 47. Rg4+ Kf5 48. b4 Rxf3 49. Rc4 Ke5 50. Kc6 f5 51. b5 f4 52. b6 1/2-1/2

[Event "FBL 1"]
[Site "Deutschland"]
[Date "2013.01.19"]
[Round "6.2"]
[White "Nebolsina, Vera"]
[Black "Korenova, Martina"]
[Result "0-1"]
[WhiteElo "2270"]
[BlackElo "2214"]
[PlyCount "96"]
[EventDate "2012.10.06"]
[WhiteTeam "SF Deizisau"]
[BlackTeam "Rodewischer Schachmiezen"]
[WhiteTeamCountry "GER"]
[BlackTeamCountry "GER"]

1. d4 Nf6 2. Nf3 g6 3. g3 Bg7 4. Bg2 c5 5. O-O cxd4 6. Nxd4 Nc6 7. Nxc6 bxc6 8.
c3 O-O 9. Qa4 Qb6 10. Qa3 Re8 11. h3 d5 12. Nd2 Ba6 13. Re1 e5 14. Nb3 Bf8 15.
Qa4 c5 16. Bg5 e4 17. Rad1 Bb5 18. Qa5 Nd7 19. Rxd5 Qc6 20. Rdd1 Nb6 21. Nd2 f5
22. b3 Nd7 23. f3 Ba6 24. fxe4 Bb7 25. Nc4 Nb6 26. Ne3 fxe4 27. Rf1 Bg7 28. Ng4
Nd5 29. c4 Nc3 30. Rd2 Qb6 31. Qxb6 axb6 32. Rd7 Nxe2+ 33. Kh2 Bc8 34. Rxg7+
Kxg7 35. Bf6+ Kg8 36. Nh6+ Kf8 37. a4 Re6 38. Bg5+ Ke8 39. Rf7 Nd4 40. Rxh7
Nf3+ 41. Bxf3 exf3 42. Kg1 b5 43. cxb5 c4 44. b6 cxb3 45. b7 Rb8 46. bxc8=Q+
Rxc8 47. Rb7 Rc2 48. Kf1 f2 0-1

[Event "FBL 1"]
[Site "Deutschland"]
[Date "2013.01.19"]
[Round "6.3"]
[White "Steinbacher, Claudia"]
[Black "Misanovic, Vesna"]
[Result "0-1"]
[WhiteElo "2134"]
[BlackElo "2326"]
[PlyCount "94"]
[EventDate "2012.10.06"]
[WhiteTeam "Rodewischer Schachmiezen"]
[BlackTeam "SF Deizisau"]
[WhiteTeamCountry "GER"]
[BlackTeamCountry "GER"]

1. d4 d5 2. c4 e6 3. Nf3 Nf6 4. Nc3 c6 5. Bg5 Bb4 6. Qb3 Ba5 7. e3 h6 8. Bf4
O-O 9. h3 a6 10. Rc1 Nbd7 11. Be2 b5 12. cxb5 cxb5 13. O-O Nb6 14. Bd3 Bb7 15.
Ne5 Rc8 16. Ne2 Qe7 17. Rxc8 Rxc8 18. Rc1 Rxc1+ 19. Nxc1 Qb4 20. Qxb4 Bxb4 21.
Kf1 Kf8 22. Ke2 Na4 23. a3 Be7 24. b4 Nb6 25. Nb3 Nc4 26. Bxc4 dxc4 27. Nc5
Bxg2 28. Nxa6 Nd5 29. Bg3 Bxh3 30. Kd2 Bf5 31. Nc6 c3+ 32. Kc1 c2 33. Nxe7 Kxe7
34. Nc5 Nc3 35. Nb3 Ne2+ 36. Kd2 Nxg3 37. fxg3 Kd6 38. Nc5 Kd5 39. a4 bxa4 40.
b5 a3 41. e4+ Bxe4 42. Nxe4 Kxe4 43. Kxc2 Kd5 44. Kb3 h5 45. Kxa3 g5 46. Kb4
Kd6 47. Kc4 h4 0-1

[Event "FBL 1"]
[Site "Deutschland"]
[Date "2013.01.19"]
[Round "6.4"]
[White "Manakov, Marina"]
[Black "Kubikova, Alena"]
[Result "1-0"]
[WhiteElo "2294"]
[BlackElo "2095"]
[PlyCount "81"]
[EventDate "2012.10.06"]
[WhiteTeam "SF Deizisau"]
[BlackTeam "Rodewischer Schachmiezen"]
[WhiteTeamCountry "GER"]
[BlackTeamCountry "GER"]

1. d4 Nf6 2. Bf4 g6 3. e3 Bg7 4. Nd2 d6 5. h3 O-O 6. Ngf3 Nd5 7. Bh2 c5 8. Bc4
Nc7 9. a4 Nc6 10. c3 cxd4 11. exd4 e6 12. O-O b6 13. Qe2 d5 14. Bd3 Ne8 15. b4
Nd6 16. a5 bxa5 17. b5 Ne7 18. Nb3 Nb7 19. Ra3 Bd7 20. Nc5 Nxc5 21. dxc5 Qc8
22. Bd6 Bf6 23. Ne5 Nf5 24. Bxf8 Kxf8 25. Rxa5 Be8 26. Bxf5 exf5 27. Ra6 Kg7
28. c6 Qc7 29. f4 Qd6 30. Qf2 Qb8 31. Qc5 Bd8 32. Kh1 f6 33. Nd7 Bxd7 34. cxd7
Qc7 35. Qxd5 Rb8 36. c4 Rb6 37. Rxb6 axb6 38. Qc6 Qxc6 39. bxc6 Kf7 40. Re1 Bc7
41. Re8 1-0

[Event "FBL 1"]
[Site "Deutschland"]
[Date "2013.01.19"]
[Round "6.5"]
[White "Kubikova, Hana"]
[Black "Foisor, Mihaela Veronica"]
[Result "0-1"]
[WhiteElo "2145"]
[BlackElo "2217"]
[PlyCount "80"]
[EventDate "2012.10.06"]
[WhiteTeam "Rodewischer Schachmiezen"]
[BlackTeam "SF Deizisau"]
[WhiteTeamCountry "GER"]
[BlackTeamCountry "GER"]

1. d4 Nf6 2. Nf3 e6 3. c4 d5 4. cxd5 exd5 5. Bg5 Nbd7 6. Nc3 a6 7. e3 Be7 8.
Bd3 O-O 9. O-O h6 10. Bf4 Nh5 11. Be5 Nxe5 12. Nxe5 Nf6 13. Qc2 Ng4 14. Nxg4
Bxg4 15. Bh7+ Kh8 16. Bf5 Bxf5 17. Qxf5 Qc8 18. Qxc8 Raxc8 19. Rac1 f5 20. g3
g5 21. Rfe1 Bf6 22. Rcd1 Rcd8 23. h3 h5 24. Kg2 Kh7 25. Ne2 Rde8 26. Nc1 f4 27.
Nd3 fxe3 28. fxe3 Re7 29. b3 Rfe8 30. Kf2 Kg6 31. Kf3 Re4 32. Kf2 Kf5 33. Nc5
R4e7 34. Nd3 Bg7 35. Rc1 Ke6 36. Kg2 Kd6 37. Rcd1 Rxe3 38. Rxe3 Rxe3 39. Nc5 b6
40. Kf2 Re7 0-1

[Event "FBL 1"]
[Site "Deutschland"]
[Date "2013.01.19"]
[Round "6.6"]
[White "Gabriel, Marina"]
[Black "Sandner, Heike"]
[Result "1/2-1/2"]
[WhiteElo "1991"]
[BlackElo "1986"]
[PlyCount "71"]
[EventDate "2012.10.06"]
[WhiteTeam "SF Deizisau"]
[BlackTeam "Rodewischer Schachmiezen"]
[WhiteTeamCountry "GER"]
[BlackTeamCountry "GER"]

1. d4 Nf6 2. c4 g6 3. Nf3 Bg7 4. Nc3 O-O 5. e4 d6 6. Be2 Nbd7 7. O-O e5 8. Be3
exd4 9. Nxd4 Nc5 10. f3 Bd7 11. Qd2 Ne6 12. Rad1 a6 13. Nd5 Nxd5 14. cxd5 Nxd4
15. Bxd4 Qe7 16. Bxg7 Kxg7 17. Qd4+ Qe5 18. Qxe5+ dxe5 19. Rc1 Rfc8 20. f4 exf4
21. Rxf4 c6 22. d6 Be6 23. b3 Re8 24. Bc4 Rad8 25. Rd1 Bxc4 26. bxc4 Rd7 27. c5
Re5 28. Rc1 h6 29. Rc4 Kf8 30. a4 Kg7 31. Rf1 f5 32. exf5 gxf5 33. a5 Kg6 34.
g3 Kg7 35. Rb1 Kg6 36. Rf1 1/2-1/2